000 02423nam0a2200397 4500
001 RU\NLR\bibl\1001233
005 20260408070707.0
010 _a5-7444-1820-2
_9500
021 _aRU
_b2006-55419
_92745
035 _a(nilc)RSL-KNO-002939205
035 _a(NLR Aleph) 000988947
090 _a506532
_c506532
100 _a20060920d2006 |||y0rusy50 ca
101 0 _arus
102 _aRU
105 _aa |||||||||
200 1 _aВызовы безопасности в Азиатско-Тихоокеанском регионе
_eвзгляд из России и США
_e[сборник
_fМ-во образования и науки Рос. Федерации, "ИНОЦЕНТР (Информация. Наука. Образование)" и др.
_gредкол.: ... А.Л. Лукин, к.п.н. (отв. ред.), Р. Азизян, проф.]
210 _aВладивосток
_cИзд-во Дальневосточного университета
_d2006
215 _a230, [1] с.
_cил.
_d20
225 1 _aМежрегиональные исследования в общественных науках
_eМИОН
225 1 _aМонографии
_vвып. 4
300 _aВ надзаг. также: Ин-т им. Кеннана Центра Вудро Вильсона (США), Корпорация Карнеги в Нью Йорке (США), Фонд Джона Д. и Кэтрин Т. МакАртуров (США)
320 _aБиблиогр. в подстроч. примеч.
607 _aАзиатско-Тихоокеанские страны
_jСборники
_xВнешняя политика
_z1990 - 2000-ые гг.
_92261461
_3RU\NLR\auth\661355909
686 _aТ3(54)63-6я43
686 1 _aТ3(575)63-6я43
702 1 _aЛукин
_bА. Л.
_gАртем Леонидович
_4340
712 0 2 _4570
_a"ИНО-Центр (Информация. Наука. Образование)", автономная некоммерческая организация
_cМосква
_3RU\NLR\AUTH\8810044940
_9589306
712 0 2 _4570
_aИнститут перспективных российских исследований им. Д. Кеннана
_cВашингтон
_3RU\NLR\AUTH\889996922
_9491083
801 0 _aRU
_bРКП
_c20060920
_grcr
801 1 _aRU
_bРГБ
_c20060920
801 2 _aRU
_bNLR
_c20061025
_grcr
942 _cBOOK
980 _aNB